000 01243nam a22003617a 4500
003 CHAP
005 20220329133900.0
008 971013s1972 r 00010 d
010 _a12204
011 _a13176
035 _a17247
040 _cCHAP
090 _aTesis
100 0 0 _aGerón Xavier, Franco.
_947774
245 _aComparación de la selección masal y de la selección familiar para rendimiento en dos variedades de maíz
260 _aChapingo, Méx. :
_bEl autor,
_c1972
300 _a68 h.
502 _aTesis (M.C. Esp. en Genética) -- ENA. Colegio de Postgraduados. Rama de Genética
590 _aALEPH
_b10
_c20130110
_lUCH01
_h1231
590 _aBATCH-UPD
_b10
_c20130110
_lUCH01
_h2035
590 _aBATCH-UPD
_b10
_c20130410
_lUCH01
_h1350
590 _aBATCH-UPD
_b10
_c20130914
_lUCH01
_h1705
590 _aCONVERSION
_b10
_c20130109
_lUCH01
_h1308
650 1 4 _aMaíz
_xRendimiento.
_971051
650 1 4 _aMaíz
_xSelección masal.
_971058
650 1 4 _aMaíz
_xVariedades.
_971081
901 _aBK
942 _cFOLL
949 _bBC
_cTES
_d-40849
_eTS1
_i17247
_si
949 _bBC
_cTES
_d-40850
_eTS2
_fc.2
_i17247
_si
949 _bBC
_cTES
_d-40851
_eTS2
_fc.3
_i17247
_si
949 _bBC
_cTES
_d-40852
_eTS2
_fc.4
_i17247
_si
999 _c12204
_d12204